000 00587cam a2200193 a 4500
001 000004896
005 20200929151528.0
008 830112s1982 cl 001 p spa
040 _aDO-SdBNP
_bspa
_dBNPHU
082 _aCh861.44
_bM828i
100 1 _aMorales, Andrés,
_d1962-
_914160
245 1 0 _aPor insulas extrañas /
_cAndrés Morales.
260 _aSantiago, Chile :
_bUniversitaria,
_c1982.
300 _a77 p. ;
_c19 cm.
490 1 _aGeneración espontánea
650 4 _aPoesía chilena
_99166
650 4 _aLiteratura chilena
_93164
830 0 _aGeneración espontánea
_914161
999 _c4702
_d4702